Green manažment na Slovensku
Bio trend v hotelierstve. AquaCity Poprad - ocenený v súťaži Najekologickejší rezort vo svete za rok 2007. Úspech bratislavskej rezidencie MaMaison Residence - získanie environmentálnej značky Environmentálne vhodný produkt v oblasti služieb a značky Európskeho spoločenstva: Európsky kvet (The flowe...
Salvato in:
| Natura: | Capitolo di libro |
|---|---|
| Lingua: | slovacco |
| Soggetti: | |
| Tags: |
Nessun Tag, puoi essere il primo ad aggiungerne!!
|
MARC
| LEADER | 00000naa$a2200000$$$4500 | ||
|---|---|---|---|
| 001 | 0080542 | ||
| 005 | 20231009111425.5 | ||
| 041 | 0 | |a slo | |
| 044 | |a SK | ||
| 245 | 1 | 0 | |a Green manažment na Slovensku |
| 520 | |a Bio trend v hotelierstve. AquaCity Poprad - ocenený v súťaži Najekologickejší rezort vo svete za rok 2007. Úspech bratislavskej rezidencie MaMaison Residence - získanie environmentálnej značky Environmentálne vhodný produkt v oblasti služieb a značky Európskeho spoločenstva: Európsky kvet (The flower). Ekologické kritériá pre získanie uvedených značiek. Postup na získanie ocenenia. | ||
| 610 | 2 | 0 | |a ekológia |
| 610 | 2 | 0 | |a ochrana prostredia životného |
| 610 | 2 | 0 | |a hotely |
| 610 | 2 | 0 | |a hotelierstvo |
| 610 | 2 | 0 | |a manažment |
| 610 | 2 | 0 | |a oceňovanie |
| 610 | 2 | 0 | |a značky kvality |